[Event "16th Spilimbergo Open 2018"]
[Site "Spilimbergo"]
[Date "2018.08.12"]
[Round "4.14"]
[White "Di Benedetto, Edoardo"]
[Black "Krishna C R G"]
[Result "0-1"]
[WhiteElo "2294"]
[BlackElo "2402"]
[Annotator "NA"]
[PlyCount "70"]
[EventDate "2018.08.10"]
[EventType "swiss"]
[EventCountry "ITA"]
[SourceTitle "playchess.com"]
[Source "ChessBase"]
[SourceQuality "1"]
[TimeControl "5400+30"]

1. e4 {[%emt 0:01:30]} d6 {[%emt 0:03:30]} 2. d4 {[%emt 0:00:30]} Nf6 {[%emt 0:00:30]} 3. Nc3 {[%emt 0:00:00]} Nbd7 {[%emt 0:00:00]} 4. Nf3 {[%emt 0:02:00]} e5 {[%emt 0:00:00]} 5. Be2 {[%emt 0:01:30]} Be7 {[%emt 0:00:30]} 6. O-O {[%emt 0:00:30]} c6 {[%emt 0:00:30]} 7. h3 {[%emt 0:01:30]} h6 {[%emt 0:01:30]} 8. Nh4 {[%emt 0:01:30]} O-O {[%emt 0:09:30]} 9. Nf5 {[%emt 0:00:30]} Re8 {[%emt 0:00:00]} 10. Nxe7+ {[%emt 0:03:30]} Qxe7 {[%emt 0:00:00]} 11. d5 {[%emt 0:06:30]} c5 {[%emt 0:01:30]} 12. a4 {[%emt 0:00:30]} Nf8 {[%emt 0:00:30]} 13. Be3 {[%emt 0:00:30]} Bd7 {[%emt 0:05:30]} 14. a5 {[%emt 0:00:30]} Ng6 {[%emt 0:02:30]} 15. Qd2 {[%emt 0:00:30]} Nh7 {[%emt 0:00:30]} 16. b4 {[%emt 0:10:30]} cxb4 {[%emt 0:24:30]} 17. Nb5 {[%emt 0:00:00]} Nf4 {[%emt 0:01:30]} 18. Bxf4 {[%emt 0:10:00]} exf4 {[%emt 0:00:30]} 19. Nc7 {[%emt 0:02:30]} Bxh3 {[%emt 0:01:30]} 20. Nxa8 {[%emt 0:04:30]} Bxg2 {[%emt 0:04:30]} 21. Kxg2 {[%emt 0:00:30]} Qg5+ {[%emt 0:00:30]} 22. Kh3 {[%emt 0:00:00]} Qf6 {[%emt 0:00:00]} 23. Qd3 {[%emt 0:44:58]} Rxe4 {[%emt 0:17:00]} 24. Rg1 {[%emt 0:04:11]} Rd4 {[%emt 0:05:30]} 25. Qf3 {[%emt 0:01:12]} Ng5+ {[%emt 0:00:30]} 26. Rxg5 {[%emt 0:00:04]} hxg5 {[%emt 0:00:00]} 27. Rd1 {[%emt 0:01:13]} Rxd1 {[%emt 0:01:00]} 28. Bxd1 {[%emt 0:00:06]} Qd8 {[%emt 0:00:00]} 29. Qe4 {[%emt 0:02:04]} Qxa8 {[%emt 0:00:00]} 30. Qxb4 {[%emt 0:00:15]} Qc8+ {[%emt 0:00:30]} 31. Kg2 {[%emt 0:00:16]} Qc7 {[%emt 0:01:30]} 32. Qa4 {[%emt 0:01:06]} g6 {[%emt 0:00:33]} 33. a6 {[%emt 0:00:49]} bxa6 {[%emt 0:00:27]} 34. Qxa6 {[%emt 0:00:17]} f5 {[%emt 0:02:58]} 35. c4 {[%emt 0:00:24]} g4 {[%emt 0:04:17]} 0-1

[Event "16th Spilimbergo Open 2018"]
[Site "Spilimbergo"]
[Date "2018.08.12"]
[Round "4.15"]
[White "Paltrinieri, Nicholas"]
[Black "Alonso Garcia, Rene Marcial"]
[Result "0-1"]
[WhiteElo "2288"]
[BlackElo "2344"]
[Annotator "NA"]
[PlyCount "100"]
[EventDate "2018.08.10"]
[EventType "swiss"]
[EventCountry "ITA"]
[SourceTitle "playchess.com"]
[Source "ChessBase"]
[SourceQuality "1"]
[TimeControl "5400+30"]

1. d4 {[%emt 0:00:30]} d6 {[%emt 0:00:30]} 2. Bf4 {[%emt 0:02:30]} g6 {[%emt 0:00:30]} 3. h3 {[%emt 0:00:30]} Bg7 {[%emt 0:00:30]} 4. Nf3 {[%emt 0:00:30]} Nf6 {[%emt 0:00:00]} 5. e3 {[%emt 0:00:30]} O-O {[%emt 0:00:00]} 6. Be2 {[%emt 0:00:00]} b6 {[%emt 0:00:00]} 7. O-O {[%emt 0:00:00]} Bb7 {[%emt 0:00:00]} 8. c4 {[%emt 0:00:30]} c5 {[%emt 0:01:30]} 9. Nc3 {[%emt 0:02:30]} cxd4 {[%emt 0:00:30]} 10. exd4 {[%emt 0:00:00]} d5 {[%emt 0:00:30]} 11. Rc1 {[%emt 0:04:00]} dxc4 {[%emt 0:03:30]} 12. Bxc4 {[%emt 0:06:30]} Nc6 {[%emt 0:01:30]} 13. Be5 {[%emt 0:12:30]} Rc8 {[%emt 0:05:30]} 14. b3 {[%emt 0:15:30]} Bh6 {[%emt 0:04:30]} 15. Rc2 {[%emt 0:02:30]} Nb4 {[%emt 0:03:30]} 16. Rb2 {[%emt 0:02:30]} a6 {[%emt 0:00:30]} 17. Bxf6 {[%emt 0:07:30]} exf6 {[%emt 0:01:30]} 18. a3 {[%emt 0:00:00]} b5 {[%emt 0:16:30]} 19. axb4 {[%emt 0:03:00]} bxc4 {[%emt 0:00:00]} 20. bxc4 {[%emt 0:12:30]} Rxc4 {[%emt 0:01:00]} 21. Qd3 {[%emt 0:00:00]} Qc7 {[%emt 0:15:30]} 22. Ne4 {[%emt 0:00:00]} Bxe4 {[%emt 0:00:30]} 23. Qxe4 {[%emt 0:00:30]} Rb8 {[%emt 0:00:30]} 24. Ra2 {[%emt 0:03:30]} Qc8 {[%emt 0:26:47]} 25. Rfa1 {[%emt 0:05:40]} Rb6 {[%emt 0:01:43]} 26. Qe7 {[%emt 0:10:53]} Rcxb4 {[%emt 0:04:56]} 27. Qa7 {[%emt 0:04:05]} Bf4 {[%emt 0:00:52]} 28. Re2 {[%emt 0:02:31]} Bb8 {[%emt 0:05:03]} 29. Qe7 {[%emt 0:00:09]} Rb1+ {[%emt 0:00:22]} 30. Re1 {[%emt 0:00:33]} Rxa1 {[%emt 0:02:29]} 31. Rxa1 {[%emt 0:00:01]} Bd6 {[%emt 0:00:02]} 32. Qe2 {[%emt 0:00:22]} Kg7 {[%emt 0:00:17]} 33. h4 {[%emt 0:01:31]} h5 {[%emt 0:00:12]} 34. g3 {[%emt 0:00:04]} Qa8 {[%emt 0:01:04]} 35. Nd2 {[%emt 0:01:29]} Qb7 {[%emt 0:03:53]} 36. Qd3 {[%emt 0:00:12]} Bc7 {[%emt 0:00:34]} 37. Ne4 {[%emt 0:02:03]} Rb3 {[%emt 0:00:52]} 38. Qd1 {[%emt 0:00:01]} Qd5 {[%emt 0:00:52]} 39. Rxa6 {[%emt 0:00:51]} Rb4 {[%emt 0:00:25]} 40. Nxf6 {[%emt 0:00:37]} Qb5 {[%emt 0:00:32]} 41. Kh2 {[%emt 0:00:57]} Qxa6 {[%emt 0:00:22]} 42. Ne8+ {[%emt 0:00:01]} Kf8 {[%emt 0:00:20]} 43. Nxc7 {[%emt 0:00:02]} Qc6 {[%emt 0:00:14]} 44. Qd2 {[%emt 0:01:23]} Rb1 {[%emt 0:00:06]} 45. d5 {[%emt 0:00:34]} Qxc7 {[%emt 0:00:39]} 46. Qd4 {[%emt 0:00:26]} Qb6 {[%emt 0:00:42]} 47. Qh8+ {[%emt 0:00:34]} Ke7 {[%emt 0:00:00]} 48. Qe5+ {[%emt 0:00:05]} Kd7 {[%emt 0:00:14]} 49. Kg2 {[%emt 0:00:03]} Qd6 {[%emt 0:00:44]} 50. Qd4 {[%emt 0:00:01]} Rb8 {[%emt 0:00:48]} 0-1

[Event "16th Spilimbergo Open 2018"]
[Site "Spilimbergo"]
[Date "2018.08.12"]
[Round "4.16"]
[White "Seresin, Francesco"]
[Black "Damia, Angelo"]
[Result "1/2-1/2"]
[WhiteElo "2279"]
[BlackElo "2313"]
[Annotator "NA"]
[PlyCount "27"]
[EventDate "2018.08.10"]
[EventType "swiss"]
[EventCountry "ITA"]
[SourceTitle "playchess.com"]
[Source "ChessBase"]
[SourceQuality "1"]
[TimeControl "5400+30"]

1. d4 {[%emt 0:00:30]} Nf6 {[%emt 0:01:30]} 2. c4 {[%emt 0:00:30]} e6 {[%emt 0:00:00]} 3. Nc3 {[%emt 0:00:30]} a6 {[%emt 0:02:00]} 4. Nf3 {[%emt 0:02:30]} c5 {[%emt 0:00:30]} 5. Bg5 {[%emt 0:08:30]} cxd4 {[%emt 0:00:30]} 6. Qxd4 {[%emt 0:03:30]} Nc6 {[%emt 0:00:30]} 7. Qd2 {[%emt 0:03:30]} Bb4 {[%emt 0:03:30]} 8. a3 {[%emt 0:01:30]} Ne4 {[%emt 0:07:30]} 9. Bxd8 {[%emt 0:04:30]} Nxd2 {[%emt 0:03:30]} 10. Kxd2 {[%emt 0:01:30]} Bxc3+ {[%emt 0:00:30]} 11. Kxc3 {[%emt 0:00:30]} Nxd8 {[%emt 0:01:30]} 12. e3 {[%emt 0:07:30]} b6 {[%emt 0:01:30]} 13. Be2 {[%emt 0:02:30]} Bb7 {[%emt 0:00:30]} 14. Rac1 {[%emt 0:01:30]} 1/2-1/2

[Event "16th Spilimbergo Open 2018"]
[Site "Spilimbergo"]
[Date "2018.08.12"]
[Round "5.1"]
[White "Borisek, Jure"]
[Black "Dreev, Aleksey"]
[Result "1/2-1/2"]
[WhiteElo "2576"]
[BlackElo "2635"]
[Annotator "TA"]
[PlyCount "56"]
[EventDate "2018.08.10"]
[EventType "swiss"]
[EventCountry "ITA"]
[SourceTitle "playchess.com"]
[Source "ChessBase"]
[SourceQuality "1"]

{[%evp 24,56,37,44,32,31,26,17,22,28,67,7,15,18,21,4,29,39,11,29,32,16,1,-29,-8,-16,-12,-15,-23,-22,0,0,0,0,3]} 1. e4 {[%cal Be2e4,Be4e5][%mdl 32]} c6 2. d4 d5 3. e5 Bf5 4. Nf3 e6 5. Be2 c5 6. Be3 cxd4 7. Nxd4 Ne7 8. O-O Nbc6 9. Bb5 {B12: Caro-Kann: Advance Variation} a6 10. Bxc6+ Nxc6 11. Nxf5 exf5 12. f4 d4 13. Bf2 {[#] LiveBook: 3 Games} Qb6 $146 ({Predecessor:} 13... Bc5 14. Qd3 Qd7 15. a3 O-O 16. Nd2 Rfd8 {½-½ (39) Kryvoruchko,Y (2701)-Lobron,E (2528) Germany 2017}) 14. Nd2 {[%cal Bb1d2,Bd2b3,Bb3d4][%mdl 32]} Qxb2 15. Rb1 Qxa2 16. Rxb7 {Nb3 is the strong threat.} Nd8 {[%cal Bc6d8,Bd8e6,Be6f4,Bf4g6][%mdl 32]} 17. Rb1 (17. Rc7 $14) 17... Be7 18. Nb3 {[#] Black must now prevent Ra1.} Ne6 19. Qd3 O-O 20. Ra1 Qb2 21. Nxd4 Nxf4 22. Qxf5 Ng6 $1 23. Nf3 Rac8 24. Rfb1 (24. Rxa6 {feels hotter.} Rxc2 25. e6 fxe6 26. Qxe6+ Kh8 27. Qe1) 24... Qxc2 25. Qxc2 Rxc2 26. Rxa6 Rfc8 {The position is equal.} 27. g3 Re2 28. Kf1 Rec2 {Precision: White = 57%, Black = 57%.} 1/2-1/2

[Event "16th Spilimbergo Open 2018"]
[Site "Spilimbergo"]
[Date "2018.08.12"]
[Round "5.2"]
[White "Brunello, Sabino"]
[Black "Karthik Venkataraman"]
[Result "1/2-1/2"]
[WhiteElo "2555"]
[BlackElo "2502"]
[Annotator "TA"]
[PlyCount "33"]
[EventDate "2018.08.10"]
[EventType "swiss"]
[EventCountry "ITA"]
[SourceTitle "playchess.com"]
[Source "ChessBase"]
[SourceQuality "1"]

{[%evp 19,33,32,31,26,28,19,28,30,33,22,29,22,25,18,20,21]} 1. d4 Nf6 2. c4 e6 3. Nf3 Bb4+ 4. Bd2 Bxd2+ 5. Qxd2 O-O 6. g3 d5 7. Bg2 c6 8. O-O Nbd7 9. Rc1 b6 {E11: Bogo-Indian} 10. a4 {[%cal Ba2a4,Ba4a5][%mdl 32]} (10. cxd5 cxd5 11. Nc3 Bb7 12. Ne5 a6 13. f4 Qe7 14. Rc2 Rfc8 15. Rac1 Qd8 16. e3 Rc7 17. Bf1 {½-½ (62) Short,N (2698)-L'Ami,E (2611) Douglas 2017}) 10... Ba6 {LiveBook: 4 Games} 11. cxd5 cxd5 {White has an edge.} 12. e3 $146 ({Predecessor:} 12. Nc3 Rc8 13. Nb5 Rxc1+ 14. Rxc1 Qb8 15. Qf4 h6 16. Qxb8 Rxb8 17. Nxa7 Bxe2 {½-½ (39) Friedel,J (2519)-Wang,Q (2298) Philadelphia 2016}) 12... Qe7 13. a5 Ne4 14. Qe1 Qd6 15. Nc3 Nxc3 16. Rxc3 Rfc8 17. Bf1 1/2-1/2

[Event "16th Spilimbergo Open 2018"]
[Site "Spilimbergo"]
[Date "2018.08.12"]
[Round "5.3"]
[White "Bacrot, Etienne"]
[Black "Basso, Pier Luigi"]
[Result "1/2-1/2"]
[WhiteElo "2699"]
[BlackElo "2494"]
[Annotator "TA"]
[PlyCount "65"]
[EventDate "2018.08.10"]
[EventType "swiss"]
[EventCountry "ITA"]
[SourceTitle "playchess.com"]
[Source "ChessBase"]
[SourceQuality "1"]

{[%evp 16,65,41,0,43,26,26,26,26,30,16,20,18,17,20,27,15,19,16,25,29,19,31,25,26,7,5,5,3,0,0,0,0,0,0,0,4,4,6,0,0,0,8,8,8,8,8,8,6,6,6,1]} 1. e4 e5 2. Nf3 Nc6 3. Bc4 Bc5 4. c3 Nf6 5. d3 O-O 6. O-O d5 7. exd5 Nxd5 8. a4 {C54: Giuoco Piano: 4 c3 Nf6, main lines with 5 d4 and 5 d3} a6 (8... a5 9. h3 Nb6 10. Bb3 Bf5 11. Bc2 Qd7 12. Re1 Rfe8 13. Ng5 Bf8 14. Na3 Rad8 15. Ne4 f6 {½-½ (72) Caruana,F (2822)-Aronian,L (2767) chess.com INT 2018}) 9. Nbd2 {[%cal Bb1d2,Bd2f3,Bf3d4][%mdl 32] LiveBook: 15 Games} Kh8 10. Re1 {White is slightly better.} f6 11. d4 Ba7 {[%cal Re5d4]} 12. dxe5 Nxe5 13. Nxe5 fxe5 14. Nf3 Bxf2+ 15. Kxf2 Qh4+ $1 {[#]} 16. Kg1 $146 Qxc4 17. Rxe5 c6 18. Qd4 Qxd4+ 19. Nxd4 Bd7 20. a5 (20. Bd2 {looks sharper.} Rfe8 21. Rae1 Nf6 22. Nb3 b6 23. Bf4) 20... Rae8 {The position is equal.} 21. Rxe8 Rxe8 22. Kf2 Kg8 23. Nf3 Nf6 24. Bf4 Ne4+ 25. Kg1 Be6 26. Re1 Bd5 27. h3 h6 28. Nd4 Nd6 (28... g5 {is interesting.} 29. Bc7 Kf7 30. Nf3 Nd2 31. Ne5+ Kg8) 29. Rxe8+ Nxe8 30. Kf2 Kf7 31. g4 Nf6 32. Nf5 c5 33. c4 {Precision: White = 75%, Black = 71%.} 1/2-1/2

[Event "16th Spilimbergo Open 2018"]
[Site "Spilimbergo"]
[Date "2018.08.12"]
[Round "5.4"]
[White "Krishna C R G"]
[Black "Nisipeanu, Liviu-Dieter"]
[Result "1/2-1/2"]
[WhiteElo "2402"]
[BlackElo "2657"]
[Annotator "TA"]
[PlyCount "58"]
[EventDate "2018.08.10"]
[EventType "swiss"]
[EventCountry "ITA"]
[SourceTitle "playchess.com"]
[Source "ChessBase"]
[SourceQuality "1"]

{[%evp 27,58,14,37,12,36,9,29,13,15,26,30,0,2,0,30,13,37,4,0,0,0,0,0,0,-2,-2,10,10,6,10,13,0,20]} 1. d4 e6 2. c4 Nf6 3. g3 Bb4+ 4. Bd2 a5 5. Bg2 d6 6. Nc3 Nbd7 7. Qc2 O-O 8. Nf3 e5 9. O-O exd4 10. Nxd4 Ne5 {E11: Damenindisch (Bogoljubow-Variante)} 11. Bg5 (11. b3 c6 12. Rad1 Re8 13. Bc1 Bc5 14. Bb2 Bg4 15. h3 Bh5 16. Ne4 Bg6 17. Nxf6+ Qxf6 18. Qc1 a4 19. Bc3 axb3 20. axb3 h5 {1-0 (34) Radjabov,T (2733)-Bruzon Batista,L (2698) Tromsoe 2013}) 11... h6 12. Bxf6 Qxf6 13. Nd5 Qd8 14. Nxb4 axb4 {LiveBook: 5 Partien} 15. c5 {[#]} Ra6 $146 ({Vorgänger:} 15... dxc5 16. Qxc5 Nd7 17. Qc4 Nb6 18. Qc5 {0-1 (58) Bilobrk,F (2372)-Lalic,B (2531) Zadar 2008}) 16. Rfd1 Qe7 17. Rac1 Rd8 $1 18. Nb5 dxc5 {[#] Weiss muss nun ...Txd1+ beachten.} 19. Rxd8+ Qxd8 20. Qxc5 Nc6 21. Bd5 ({Vergiftet wäre} 21. Bxc6 $2 Rxc6 22. Qe3 Bh3 $19) 21... Ra5 22. Rd1 Be6 {Die Stellung ist ausgeglichen.} 23. Qc4 Ne7 24. Qxb4 c5 $1 {[%cal Rc5b4]} 25. Qe1 $1 Nxd5 26. Nc3 Qb6 27. Nxd5 Bxd5 28. Rxd5 Rxa2 29. Qc3 Qxb2 {Precision: Weiß = 41%, Schwarz = 61%.} 1/2-1/2

[Event "16th Spilimbergo Open 2018"]
[Site "Spilimbergo"]
[Date "2018.08.12"]
[Round "5.5"]
[White "Jobava, Baadur"]
[Black "Sonis, Francesco"]
[Result "0-1"]
[WhiteElo "2646"]
[BlackElo "2468"]
[Annotator "TA"]
[PlyCount "110"]
[EventDate "2018.08.10"]
[EventType "swiss"]
[EventCountry "ITA"]
[SourceTitle "playchess.com"]
[Source "ChessBase"]
[SourceQuality "1"]

{[%evp 19,110,18,12,-8,64,61,78,66,101,101,106,106,102,82,82,82,120,118,107,83,137,127,143,110,116,102,100,0,0,0,0,0,0,0,0,0,0,0,0,0,75,0,0,0,0,-25,0,-494,-27,-26,-29,-20,-30,-21,-26,-28,-22,-24,-17,-16,-16,-16,-16,-16,-16,-17,-17,-963,-924,-890,-875,-638,-28,-818,-589,-4358,-693,-5265,-5136,-1725,-1262,-29971,-29968,-29969,-29968,-29970,-29972,-29976,-29978,-29980,-29981,-29981,-29982]} 1. d4 d5 {[%cal Bd7d5,Bd5c4][%mdl 32]} 2. c4 c6 3. Nc3 dxc4 4. e3 b5 {[%cal Bb7b5,Bb5b4,Bb4c3][%mdl 32]} 5. a4 b4 6. Ne4 {D10: Slav Defence: 3 cxd5 (without early Nf3) and 3 Nc3} Qd5 7. Nd2 c3 8. bxc3 bxc3 9. Nb1 Qa5 10. Qc2 Na6 {LiveBook: 13 Games. ...Nb4 is the strong threat.} 11. Ba3 (11. Qxc3 Qxc3+ 12. Nxc3 Nb4 13. Rb1 a5 {1-0 (79) Wojtaszek,R (2750)-Bartel,M (2604) Warsaw 2018}) 11... Nb4 (11... e5 $11) 12. Bxb4 $1 $14 Qxb4 13. Nxc3 Bf5 {[#]} 14. Bd3 $146 Bxd3 15. Qxd3 Nf6 16. Nge2 e6 17. O-O Bd6 18. e4 {[%cal Be3e4,Be4e5][%mdl 32] aiming for e5.} Bc7 19. Rab1 Qe7 (19... Qa5 $142) 20. e5 $16 Nd7 21. Rb7 Bb6 22. Ne4 {And now a5! would win.} O-O {next ...Nxe5 is good for Black.} 23. Nf4 (23. Qg3 $16 Kh8 24. Qc3) 23... Rfb8 $1 $11 {[%cal Rb8b7]} 24. Rxd7 Qxd7 25. Ng5 g6 $1 26. Qh3 $1 {[%cal Rh3h7]} h5 {[#]} 27. Nxh5 $1 {[%mdl 512]} gxh5 28. Qxh5 Bxd4 29. Rd1 Rb2 (29... c5 $11) 30. Ne4 (30. Qh7+ $16 Kf8 31. Rxd4 $1 {[%mdl 512]} (31. Qh8+ Ke7 $11) 31... Rb1+ 32. Qxb1 Qxd4 33. g3) 30... Qc7 31. Nf6+ Kf8 32. g3 ({But not} 32. Qh8+ $2 Ke7 $19) (32. Nd7+ $5 Qxd7 33. Qh8+ Ke7 34. Qf6+ Kf8 35. Qh8+ Ke7 36. Qf6+ Kf8 37. Qh8+ $11) 32... Rb4 {Threatens to win with ...Qd8.} 33. Qh6+ ({Avoid the trap} 33. Qh8+ $2 Ke7 $19) 33... Ke7 34. Qg5 $1 Qxe5 35. Nd5+ $1 Kd6 36. Qxe5+ Kxe5 37. Nxb4 {[%mdl 4096] Endgame KRB-KRN} c5 {[%cal Bc6c5,Bc5d4,Bd4d3,Bd3d2][%mdl 32]} 38. Nc2 Rb8 39. h4 Rb2 40. Nxd4 cxd4 {KR-KR} 41. h5 Ke4 42. Kg2 d3 43. g4 $2 {[%mdl 8192] [#]} (43. h6 $11) 43... d2 $1 $19 44. h6 Kd3 45. Kf3 f6 $2 ({Black should try} 45... Rb8 $19 {White must now prevent ...Rc8.} 46. g5 e5) 46. Rh1 $2 {[%mdl 8192]} (46. h7 $11 Rb8 47. Ra1) 46... Rb7 47. a5 Rh7 (47... Rc7 $142 48. Rd1 Rc1) 48. Ra1 {intending Ra3+.} Rc7 49. Rd1 e5 {[%cal Be6e5,Be5e4][%mdl 32]} 50. a6 Rh7 {Black mates.} 51. Ra1 e4+ 52. Kf4 Rxh6 53. Ra5 Ke2 54. Rd5 Rh2 55. Kxe4 Rxf2 {Precision: White = 38%, Black = 67%.} 0-1

[Event "16th Spilimbergo Open 2018"]
[Site "Spilimbergo"]
[Date "2018.08.12"]
[Round "5.6"]
[White "Bosiocic, Marin"]
[Black "Morozov, Nichita"]
[Result "1-0"]
[WhiteElo "2590"]
[BlackElo "2438"]
[Annotator "TA"]
[PlyCount "125"]
[EventDate "2018.08.10"]
[EventType "swiss"]
[EventCountry "ITA"]
[SourceTitle "playchess.com"]
[Source "ChessBase"]
[SourceQuality "1"]

{[%evp 17,125,0,52,35,24,5,8,8,8,4,25,11,39,9,39,0,0,-6,-12,-58,-55,-41,-21,-24,-5,-15,0,0,20,20,14,18,81,34,25,29,185,177,207,207,196,189,205,62,293,198,712,712,705,697,681,666,634,614,583,388,388,381,808,795,737,763,763,660,598,284,591,266,266,63,79,26,162,32,32,26,26,26,26,26,51,32,45,45,50,52,380,380,327,366,1238,972,572,253,29948,29960,29958,29956,29961,29962,29953,29959,29957,29961,10847,7268,5132,5095,5088,5057]} 1. e4 e5 2. Nf3 Nc6 3. Bb5 a6 4. Ba4 Nf6 5. O-O Be7 6. Re1 b5 7. Bb3 O-O 8. a4 b4 9. d3 h6 {LiveBook: 3 Partien. C88: Spanische Partie (Geschlossenes System)} (9... Bc5 $11) 10. Nbd2 (10. Bd5 $5) 10... Bc5 11. h3 d6 {Die Stellung ist ausgeglichen.} 12. c3 Rb8 13. Bc4 $146 ({Vorgänger:} 13. Nc4 Ba7 14. Be3 Bxe3 15. Nxe3 Re8 16. a5 Na7 17. Bc2 bxc3 18. bxc3 Nb5 19. Qd2 Bd7 20. Nc4 Be6 21. Ne3 Bd7 22. Nc4 Be6 23. Ne3 Bd7 {½-½ (23) Wei,Y (2706)-Tomashevsky,E (2728) Wijk aan Zee 2016}) 13... Ba7 14. a5 Ne7 15. Nf1 Ng6 16. Be3 Bxe3 17. Nxe3 c6 18. Qa4 d5 19. Ba2 bxc3 20. bxc3 Rb5 21. Bb1 Bd7 22. Qa3 Qb8 23. Bc2 Re8 24. c4 dxe4 (24... Rb2 $11) 25. cxb5 (25. Nh4 {feels hotter.} Rb7 26. Nxg6 exd3 27. Qxd3 fxg6 28. c5) 25... exf3 26. bxa6 {zielt auf Tab1 ab.} fxg2 $2 (26... Nf4 $1 $11) 27. Nxg2 $18 Bxh3 {[#]} 28. d4 $1 {[%mdl 512]} Bxg2 (28... exd4 29. Rxe8+) 29. Bxg6 Bd5 30. Bf5 (30. dxe5 $18 Nd7 31. e6 Bxe6 32. Be4) 30... g6 $2 (30... e4 $1 $14) 31. dxe5 Rxe5 $2 (31... Nh5) 32. Qg3 Rxe1+ 33. Rxe1 Qb4 34. Rb1 Qd4 {Wenn Schwarz jetzt Zeit für ...Kg7 hätte...} 35. Bxg6 fxg6 36. Qxg6+ Kf8 37. Qxh6+ (37. a7 c5 $16) 37... Kf7 $2 (37... Ke7 38. Qe3+ (38. Qg7+ Ke6 $16) 38... Qxe3 39. fxe3 c5) 38. Rb7+ Ke6 39. Qe3+ Qxe3 40. fxe3 {a7 ist eine echte Drohung.} c5 41. Rb6+ (41. Rb8 $142 c4 42. Kf2) 41... Ke5 $2 (41... Ke7 {leistet mehr Widerstand.} 42. a7 Ne8) 42. a7 (42. Rb8 $142) 42... Ne8 43. a6 $2 (43. Kf2 $18) 43... Nc7 $1 $14 44. Rb7 (44. Kf1 $16) 44... Na8 (44... Kd6 $11) 45. Kf2 (45. Rb8 $18) 45... Kd6 46. Ke1 c4 47. Kd2 Kc5 48. Kc3 Bc6 49. Rg7 Nb6 50. Rg5+ Nd5+ 51. Kd2 {Droht stark e4.} Kb4 $2 {[%mdl 8192]} (51... c3+ $14 52. Ke2 Kc4) 52. Rg6 $1 $18 {[%cal Rg6c6]} Ba8 53. e4 $1 {[%cal Re4d5]} c3+ $2 (53... Nc7 54. e5 Kc5) 54. Kd1 $1 Nc7 {[#]} 55. Rg7 $1 {[%cal Rg7c7]} Nxa6 $2 {[#]} (55... Nb5 $18 56. Rg8 Bxe4) 56. Rg8 $1 Bc6 57. Rb8+ Ka5 58. a8=Q Bxa8 59. Rxa8 Kb6 60. e5 Nc7 61. Rd8 {Weiß steht klar auf Gewinn.} Kc5 62. Kc2 Ne6 63. Rd1 {Precision: Weiß = 54%, Schwarz = 32%.} 1-0

[Event "16th Spilimbergo Open 2018"]
[Site "Spilimbergo"]
[Date "2018.08.12"]
[Round "5.7"]
[White "Krysa, Leandro"]
[Black "Aghayev, Miragha"]
[Result "1/2-1/2"]
[WhiteElo "2523"]
[BlackElo "2424"]
[Annotator "TA"]
[PlyCount "89"]
[EventDate "2018.08.10"]
[EventType "swiss"]
[EventCountry "ITA"]
[SourceTitle "playchess.com"]
[Source "ChessBase"]
[SourceQuality "1"]

{[%evp 15,89,0,19,-10,0,-15,0,0,-7,-10,-10,-9,-7,-14,0,0,0,0,17,0,0,0,0,0,0,-14,0,-20,0,0,9,13,16,20,20,22,24,0,15,0,0,-24,0,-18,0,0,0,0,6,0,0,0,11,9,0,-105,54,49,128,110,130,0,83,18,18,18,18,0,70,12,99,-28,0,0,0,0]} 1. d4 Nf6 2. c4 e6 3. Nf3 d5 4. Nc3 c5 5. Bg5 cxd4 6. Qxd4 Nc6 7. Bxf6 gxf6 {D50: Queen's Gambit Declined: Dutch-Peruvian Gambit} 8. Qh4 dxc4 {LiveBook: 4 Games} 9. Rd1 (9. e3 f5 10. Qxc4 Bg7 11. Be2 O-O 12. O-O Qb6 13. Na4 Qb4 14. Qc2 Rd8 15. Rfd1 {0-1 (54) Mareco,S (2581)-Peralta,F (2593) Buenos Aires 2012}) 9... Bd7 10. Qxc4 $146 ({Predecessor:} 10. e3 Ne5 11. Nxe5 fxe5 12. Qxc4 Qb6 13. Be2 Qxb2 14. O-O Rc8 15. Qd3 {1-0 (30) Pillsbury,H-Lasker,E Cambridge Springs,PA 1904}) 10... Qb6 11. Rd2 f5 12. g3 Rd8 13. Bg2 Qb4 14. Qd3 Bc8 15. Qc2 Rxd2 16. Nxd2 Bg7 17. e3 O-O 18. O-O Rd8 19. a3 Qc5 20. Ndb1 Bf6 21. Rc1 Kg7 22. b4 Qe7 23. Ne2 Ne5 24. Nf4 Kh6 25. Nc3 Ng6 26. Nce2 b6 27. Qa4 Bb2 28. Rb1 Bf6 29. h3 Nxf4 30. Nxf4 Qc7 31. b5 Rd2 32. Bc6 a5 33. Qc4 Bd7 34. a4 Qd6 35. Rc1 (35. Bxd7 $11 Qxd7 36. Rb3) 35... Bb2 $2 (35... e5 $1 $17 {[%cal Re5f4]} 36. Bxd7 (36. Qxf7 exf4 37. Qxd7 Qxd7 $17) 36... exf4 37. Bxf5 fxg3) 36. Rc2 $14 Rd1+ {[#]} (36... Rxc2 $14 37. Qxc2 Be5) 37. Kg2 $1 $16 Be5 38. Ne2 (38. Bf3 $16 Ra1 39. Nd3) 38... Rb1 {[#]} (38... Qb4 $1 $11 39. Rc1 Rd2) 39. Qh4+ (39. Nc1 $1 $16) 39... Kg6 $11 {...Qd1 is the strong threat.} 40. Bf3 h6 $1 41. g4 fxg4 (41... Kg7 $11 42. Rc1 Bf6) 42. Qxg4+ (42. hxg4 $14 Rb4 43. Rc1) 42... Kh7 (42... Kf6 $1 $11 {keeps the balance.} 43. Ng3 Bxg3 44. fxg3 Qb4) 43. Nd4 ({White should try} 43. Nf4 $16) 43... Rb4 {[%cal Re5d4]} 44. Rd2 {aiming for Be4+.} Bxd4 45. Rxd4 {Precision: White = 42%, Black = 43%.} 1/2-1/2